000 01192nam a22003617a 4500
001 0016511
003 KOHA_MİRAKIL
005 20260207002106.0
007 ta
008 100419b1999 tu |||gr||||#||||0|tur |
020 _c0,01
040 _aTR-BiSEU
_btur
_cTR-BiSEU
_erda
041 0 _atur
044 _ctu
050 _aTK6630
_b.D87 1999
100 1 _aDurmaz, Ahmet.
245 1 _aTelevizyon tekniği :
_btelevizyonun teknik temelleri, profesyonel kameralar, görüntü kayıt cihatları/
_cAhmet Durmaz ; Ahmet Durmaz.
264 1 _aEskişehir :
_bAnadolu Üniversitesi
_c1999
300 _a274 sayfa; 24 cm.
336 _ametin
_btxt
_2rdacontent
337 _aaracısız
_bn
_2rdamedia
338 _acilt
_bnc
_2rdacarrier
490 1 _aAnadolu Üniversitesi yayın ;
_vNo.
490 1 _a1154 Açıköğretim Fakültesi yayın ;No.
490 1 _a613
500 _aDizin var.
650 0 _aTelevision--Technological innovations.
_917050
650 0 _aTelevizyon--Teknolojik yenilikler.
_94353
830 1 _aAnadolu Üniversitesi yayın ;
_vNo.
_938202
830 1 _a1154 Açıköğretim Fakültesi yayın ;No.
_938203
830 1 _a613
_938204
942 _2lcc
_cBK
999 _c16473
_d16473